" Os Impactos dos Treinamentos nos Recursos Humanos na Sobrevivencia das Organizações: Um Estudo de Caso da Clinica Sagrada Esperança na Cidade de Luanda - Provincia de Luanda" (Record no. 2248)

MARC details
000 -Etiqueta do registo
Campo de controlo de comprimento fixo 00629 a2200193 4500
020 ## - ISBN (NÚMERO DE LIVRO PADRÃO INTERNACIONAL)
ISBN S/N
040 ## - Fonte de Catalogação
Agência de catalogação Biblioteca de Posgraduação- Universidade Lusíada de Angola
082 ## - DEWEY DECIMAL CLASSIFICATION NUMBER
Número de classificação 658/SIL/I
Classificador- CDU 043.2
100 ## - Nome Pessoal
9 (RLIN) 1071
Autor SILVA, Serafim Augusto da
245 ## - Declaração de Título
Título " Os Impactos dos Treinamentos nos Recursos Humanos na Sobrevivencia das Organizações: Um Estudo de Caso da Clinica Sagrada Esperança na Cidade de Luanda - Provincia de Luanda"
250 ## - Indicação da edição
Edição S/N
260 ## - Publicação e Destribuíção
Local de edição/distribuição Luanda
Editor/distribuidor S/Edt.
Data de edição/distribuição 2018
300 ## - Descrição Física
Nº Pág. 78p.
600 #0 - Nome pessoal
Autor SILVA, Serafim Augusto da
650 ## - MATERIA
MATERIA Gestão de Recursos Humanos
700 ## - Entrada secundária - Nome pessoal
Autor Serafim Augusto da Silva
942 ## - - Elementos de entrada adicionados (koha)
Tipo de documento Dissertações de Grado e Mestrado
Holdings
Withdrawn status Lost status Source of classification or shelving scheme Damaged status Not for loan Permanent Location Current Location Date acquired Total Checkouts Full call number Date last seen Price effective from Koha item type
    Dewey Decimal Classification     Biblioteca de Posgraduação- Universidade Lusíada de Angola Biblioteca de Posgraduação- Universidade Lusíada de Angola 24/04/2026   043.2 658/SIL/I 24/04/2026 24/04/2026 Dissertações de Grado e Mestrado